00535nam a2200205 a 4500001001300000003000900013005001700022008004100039020000800080082001500088100002100103245005500124260003600179300000900215500003500224505001700259650001500276650001700291700002100308nice12345678IN_TiNIC20260116011409.0050524s0000 luca grp 000 0 urd  ac400a891.4bNIY aNiyaz, Fatehpuri aNigaristan, 26 Adabi Maqalon Aur Afsanon Ka Majmua aLucknowbNaseem Book Depoc0000 a318p aincludes index and biblioraphy2 aBibliography aUrdu-Prose aUrdu-Fiction1 aNiyaz, Fatehpuri